Statistics for Best 100 soccer players of 2018- The Guardian

Click here to take the quiz!

General Stats

  • This quiz has been taken 726 times
  • The average score is 60 of 100

Answer Stats

#PlayerCountryClub% Correct
2Cristiano RonaldoPortugalJuventus
100%
3Lionel MessiArgentinaBarcelona
99%
1Luka ModricCroatiaReal Madrid
99%
5Mohamed SalahEgyptLiverpool
98%
9Harry KaneEnglandTottenham Hotspur
97%
4Kylian MbappéFranceParis St-Germain
97%
11NeymarBrazilParis St-Germain
97%
8Kevin De BruyneBelgiumManchester City
96%
6Antoine GriezmannFranceAtlético Madrid
95%
7Eden HazardBelgiumChelsea
94%
14Luis SuárezUruguayBarcelona
94%
19Sadio ManéSenegalLiverpool
90%
15Sergio AgüeroArgentinaManchester City
90%
10N'Golo KantéFranceChelsea
89%
16Paul PogbaFranceManchester United
88%
13Ivan RakiticCroatiaBarcelona
87%
48Karim BenzemaFranceReal Madrid
86%
17Sergio RamosSpainReal Madrid
86%
22Toni KroosGermanyReal Madrid
86%
24Virgil van DijkNetherlandsLiverpool
86%
20David SilvaSpainManchester City
85%
21Edinson CavaniUruguayParis St-Germain
85%
30Robert LewandowskiPolandBayern Munich
85%
68Bernardo SilvaPortugalManchester City
82%
38Gareth BaleWalesReal Madrid
82%
12Raphaël VaraneFranceReal Madrid
82%
74Thiago SilvaBrazilParis St-Germain
82%
23Roberto FirminoBrazilLiverpool
81%
18MarceloBrazilReal Madrid
80%
27Jan OblakSloveniaAtlético Madrid
78%
45Dele AlliEnglandTottenham Hotspur
76%
78Son Heung-minSouth KoreaTottenham Hotspur
76%
36Christian EriksenDenmarkTottenham Hotspur
75%
41Romelu LukakuBelgiumManchester United
75%
37Thibaut CourtoisBelgiumReal Madrid
74%
47Marco ReusGermanyBorussia Dortmund
70%
26Paulo DybalaArgentinaJuventus
70%
40Hugo LlorisFranceTottenham Hotspur
69%
39David De GeaSpainManchester United
68%
34Diego GodínUruguayAtlético Madrid
68%
55Pierre-Emerick AubameyangGabonArsenal
68%
31Raheem SterlingEnglandManchester City
68%
44Marc-André ter StegenGermanyBarcelona
66%
43AlissonBrazilLiverpool
65%
42CasemiroBrazilReal Madrid
65%
46Dries MertensBelgiumNapoli
65%
66Keylor NavasCosta RicaReal Madrid
65%
49Giorgio ChielliniItalyJuventus
64%
25Philippe CoutinhoBrazilBarcelona
64%
35Samuel UmtitiFranceBarcelona
64%
54Edin DzekoBosniaRoma
63%
51Miralem PjanicBosniaJuventus
60%
29Ivan PerisicCroatiaInternazionale
59%
56Kalidou KoulibalySenegalNapoli
58%
70James RodríguezColombiaBayern Munich
57%
33Mario MandzukicCroatiaJuventus
57%
50Sergio BusquetsSpainBarcelona
57%
28IscoSpainReal Madrid
56%
52JorginhoItalyChelsea
55%
57Leroy SanéGermanyManchester City
55%
83Gerard PiquéSpainBarcelona
53%
63FernandinhoBrazilManchester City
51%
58Lorenzo InsigneItalyNapoli
51%
59EdersonBrazilManchester City
50%
76Leonardo BonucciItalyJuventus
50%
64Jordi AlbaSpainBarcelona
47%
32Mauro IcardiArgentinaInternazionale
47%
73Ciro ImmobileItalyLazio
46%
81Gabriel JesusBrazilManchester City
44%
60Gianluigi BuffonItalyParis St-Germain
44%
92Frenkie de JongNetherlandsAjax
42%
100José María GiménezUruguayAtlético Madrid
42%
62Marco AsensioSpainReal Madrid
42%
99Mesut ÖzilGermanyArsenal
42%
80Kyle WalkerEnglandManchester City
41%
84Memphis DepayNetherlandsLyon
41%
53Blaise MatuidiFranceJuventus
40%
90Gonzalo HiguaínArgentinaChelsea
39%
67Joshua KimmichGermanyBayern Munich
39%
89Matthijs de LigtNetherlandsAjax
39%
86John StonesEnglandManchester City
38%
94Gonzalo MartínezArgentinaRiver Plate
36%
88Diego CostaSpainAtlético Madrid
35%
71Benjamin PavardFranceStuttgart
34%
65Jordan PickfordEnglandEverton
34%
75Thomas MeunierBelgiumParis St-Germain
32%
98Hirving LozanoMexicoPSV Eindhoven
28%
97Olivier GiroudFranceChelsea
27%
69Lucas HernándezFranceAtlético Madrid
25%
96Axel WitselBelgiumBorussia Dortmund
24%
85Ante RebicCroatiaEintracht Frankfurt
23%
91WillianBrazilChelsea
22%
93Lucas TorreiraUruguayArsenal
20%
87Denis CheryshevRussiaValencia
18%
79Harry MaguireEnglandLeicester City
18%
82James MilnerEnglandLiverpool
18%
72Kieran TrippierEnglandTottenham Hotspur
18%
77Marcos AlonsoSpainChelsea
17%
95Nabil FékirFranceLyon
14%
61Saúl ÑíguezSpainAtlético Madrid
12%

Score Distribution

Percentile by Number Answered

Percent of People with Each Score

Your Score History

You have not taken this quiz